[Event "SK Dülmen 1 - SF Telgte 1"]
[Site "Verbandsliga 2017/2018"]
[Date "2018.05.05"]
[Round "9.6"]
[White "Liebing, Ingo"]
[Black "Dieckmann, Werner"]
[Result "1/2-1/2"]
[WhiteElo "1749"]
[BlackElo "1768"]
[PlyCount "43"]
[EventDate "2018.??.??"]
[SourceDate "2017.09.16"]

1. c4 c5 2. g3 Nf6 3. Bg2 g6 4. Nc3 Bg7 5. e4 Nc6 6. Nge2 e5 7. O-O O-O 8. d3
d6 9. h3 Be6 10. f4 Qc8 11. Kh2 Nh5 12. Nd5 exf4 13. Nexf4 Nxf4 14. gxf4 Bxd5
15. cxd5 Nd4 16. Be3 f5 17. Qd2 a5 18. Rac1 b5 19. Qf2 Qd8 20. e5 dxe5 21. Rxc5
Qd6 22. Bxd4 1/2-1/2

[Event "SK Dülmen 1 - SF Telgte 1"]
[Site "Verbandsliga 2017/2018"]
[Date "2018.05.05"]
[Round "9.7"]
[White "Muth, Josef"]
[Black "Kötting, Hans-Erich"]
[Result "1/2-1/2"]
[WhiteElo "1951"]
[BlackElo "1864"]
[PlyCount "68"]
[EventDate "2018.??.??"]
[SourceDate "2017.09.16"]

1. d4 Nf6 2. c4 e6 3. Nf3 Bb4+ 4. Bd2 Be7 5. Nc3 O-O 6. Qc2 d5 7. g3 c6 8. Bg2
Re8 9. O-O Nbd7 10. a4 Bd6 11. Rfe1 e5 12. cxd5 cxd5 13. dxe5 Nxe5 14. Bg5
Nxf3+ 15. Bxf3 d4 16. Nb5 Be5 17. Rad1 Qb6 18. e3 dxe3 19. Bxe3 Qa5 20. Bc5 Bd7
21. b4 Qd8 22. Bxb7 Rb8 23. Bg2 a6 24. Nd6 Bxd6 25. Rxe8+ Qxe8 26. Bxd6 Bxa4
27. Qd2 Bxd1 28. Bxb8 Qxb8 29. Qxd1 Qxb4 30. Qd8+ Qf8 31. Qb6 Qa3 32. Qd8+ Qf8
33. Qb6 Qa3 34. Qd8+ Qf8 1/2-1/2

[Event "SK Dülmen 1 - SF Telgte 1"]
[Site "Verbandsliga 2017/2018"]
[Date "2018.05.05"]
[Round "9.8"]
[White "Mohnke, Martin"]
[Black "Altmann, Thomas"]
[Result "1-0"]
[WhiteElo "1943"]
[BlackElo "1566"]
[PlyCount "75"]
[EventDate "2018.??.??"]
[SourceDate "2017.09.16"]

1. Nf3 Nf6 2. c4 g6 3. Nc3 Bg7 4. e4 d6 5. d4 O-O 6. Be2 Nbd7 7. O-O c6 8. Bg5
h6 9. Bd2 e5 10. Rc1 exd4 11. Nxd4 Nc5 12. Bf3 Kh7 13. Be3 Ne6 14. Be2 Qe7 15.
f3 Bd7 16. Qd2 a6 17. a4 Rad8 18. Nb3 Bc8 19. Rfd1 Rd7 20. Bb6 Nh5 21. Bf1 Be5
22. Ne2 Nef4 23. Bf2 Qg5 24. Ng3 Rdd8 25. Nd4 Qf6 26. Rc2 Nxg3 27. hxg3 Ne6 28.
Ne2 Qe7 29. f4 Bg7 30. Qe3 Nc5 31. e5 Nxa4 32. Qa3 Nxb2 33. Rxb2 Qe6 34. Nd4
Qe8 35. exd6 f5 36. Re2 Qf7 37. Re7 Qf6 38. Ne6 1-0

[Event "SC Rochade Emsdetten 2 - Schach Nienber"]
[Site "Verbandsliga 2017/2018"]
[Date "2018.05.05"]
[Round "9.2"]
[White "Ortmeier, Leonhard"]
[Black "Melkert, Tim"]
[Result "1-0"]
[WhiteElo "2053"]
[BlackElo "1922"]
[PlyCount "79"]
[EventDate "2018.??.??"]
[SourceDate "2017.09.16"]

1. e4 e6 2. d4 d5 3. Nd2 Be7 4. Ngf3 Nf6 5. Bd3 c5 6. e5 Nfd7 7. c3 Nc6 8. a3
Qb6 9. Qa4 cxd4 10. cxd4 f6 11. O-O O-O 12. exf6 Nxf6 13. Nb1 Bd7 14. Qd1 Ne4
15. Re1 Rxf3 16. gxf3 Ng5 17. Nc3 Qxd4 18. Bxg5 Bxg5 19. Bf1 Bh4 20. Qxd4 Nxd4
21. Red1 Nxf3+ 22. Kg2 Rf8 23. Be2 Ng5 24. f3 Bc6 25. Rd4 Nxf3 26. Bxf3 Bf6 27.
Rd2 Bg5 28. Rdd1 d4 29. Ne4 Be3 30. Rf1 g5 31. Kg3 h5 32. Bh1 Bf4+ 33. Kh3 Rf5
34. Ng3 Bxh1 35. Nxf5 Be4 36. Rxf4 exf5 37. Rxe4 fxe4 38. Rd1 d3 39. Kg3 Kf7
40. Kf2 1-0

[Event "SC Rochade Emsdetten 2 - Schach Nienber"]
[Site "Verbandsliga 2017/2018"]
[Date "2018.05.05"]
[Round "9.3"]
[White "Kipp, Lucas"]
[Black "Delere, Adrian"]
[Result "1-0"]
[WhiteElo "1907"]
[BlackElo "1851"]
[PlyCount "47"]
[EventDate "2018.??.??"]
[SourceDate "2017.09.16"]

1. e4 Nf6 2. Nc3 e5 3. Bc4 Nxe4 4. Nxe4 d5 5. Bd3 dxe4 6. Bxe4 f5 7. Bf3 e4 8.
Be2 Be6 9. d3 exd3 10. Bxd3 Nc6 11. Nf3 Qd5 12. O-O O-O-O 13. a3 h6 14. Bd2 g5
15. Bc3 Rg8 16. Re1 g4 17. Ne5 Nxe5 18. Rxe5 Qd7 19. Qe2 Rg6 20. Re1 Bd6 21.
Rxe6 Rg5 22. Bf6 Rh5 23. g3 f4 24. Re8 1-0

[Event "SC Rochade Emsdetten 2 - Schach Nienber"]
[Site "Verbandsliga 2017/2018"]
[Date "2018.05.05"]
[Round "9.4"]
[White "Hemmers, Dieter"]
[Black "Wetterau, Georg"]
[Result "1/2-1/2"]
[WhiteElo "1784"]
[BlackElo "1804"]
[PlyCount "42"]
[EventDate "2018.??.??"]
[SourceDate "2017.09.16"]

1. e4 e5 2. Nf3 Nc6 3. Bb5 a6 4. Ba4 Nf6 5. O-O Be7 6. Re1 b5 7. Bb3 Bb7 8. c3
d5 9. exd5 Nxd5 10. d4 exd4 11. Nxd4 Nxd4 12. Qxd4 O-O 13. Nd2 Bf6 14. Qg4 h5
15. Qg3 h4 16. Qg4 Nb6 17. Ne4 Bc8 18. Qf4 Be7 19. Ng5 Bxg5 20. Qxg5 Qxg5 21.
Bxg5 h3 1/2-1/2

[Event "SC Rochade Emsdetten 2 - Schach Nienber"]
[Site "Verbandsliga 2017/2018"]
[Date "2018.05.05"]
[Round "9.6"]
[White "Gerighausen, Karl-Heinz"]
[Black "Kluczka, Konrad"]
[Result "1/2-1/2"]
[WhiteElo "1677"]
[BlackElo "1776"]
[PlyCount "57"]
[EventDate "2018.??.??"]
[SourceDate "2017.09.16"]

1. d4 d5 2. Nf3 Nf6 3. Bf4 e6 4. e3 Bd6 5. Bg3 Nbd7 6. Nbd2 Qe7 7. Ne5 Nf8 8.
Bd3 Bxe5 9. Bxe5 Ng6 10. Bg3 O-O 11. O-O Rd8 12. Qe2 c5 13. c3 c4 14. Bc2 b5
15. e4 dxe4 16. Nxe4 Nxe4 17. Bxe4 Bb7 18. b4 a5 19. Rab1 a4 20. Bxg6 hxg6 21.
Rfe1 Qd7 22. Qg4 Qc6 23. f3 Rd5 24. Re2 Rad8 25. a3 Rf5 26. Rbe1 Rdd5 27. Re5
Qd7 28. Rxd5 Bxd5 29. Re5 1/2-1/2

[Event "SC Rochade Emsdetten 2 - Schach Nienber"]
[Site "Verbandsliga 2017/2018"]
[Date "2018.05.05"]
[Round "9.8"]
[White "Hoppe, Nico"]
[Black "Scharlow, Siegmar"]
[Result "1/2-1/2"]
[WhiteElo "1590"]
[BlackElo "1690"]
[PlyCount "63"]
[EventDate "2018.??.??"]
[SourceDate "2017.09.16"]

1. e4 c5 2. Nf3 Nc6 3. d4 cxd4 4. Nxd4 g6 5. Nc3 Bg7 6. Be3 Nf6 7. Bc4 Qa5 8.
f3 Qb4 9. Nxc6 Qxc4 10. Ne5 Qc7 11. Nd3 d6 12. Qd2 Bd7 13. O-O O-O 14. Nf4 Bc6
15. Rac1 e6 16. Rfd1 Rfd8 17. Nfe2 d5 18. exd5 Nxd5 19. Bd4 Nxc3 20. Qxc3 Bxd4+
21. Nxd4 Qb6 22. Kh1 Rac8 23. h3 Bd5 24. Qa3 Bxa2 25. Qxa2 Rxd4 26. c3 Rxd1+
27. Rxd1 Qf2 28. Qb3 Qe2 29. Rd7 Qe1+ 30. Kh2 Qe5+ 31. Kh1 Rc7 32. Rd4 1/2-1/2